Statistics for Imperial China Multiple Choice

Click here to take the quiz!

General Stats

  • This quiz has been taken 34 times
    (28 since last reset)
  • The average score is 8 of 15

Answer Stats

QuestionAnswer% Correct
Which of the following is not one of the Four Great Inventions?Wheel
92%
When was the Great Wall first constructed?Qin
79%
When did the Qing dynasty end?1912
71%
Which of the following was the only woman to have ever officially ruled China?Wu Zetian
71%
Who was the youngest emperor?Aisin Gioro Puyi
63%
During which dynasty was the Forbidden City built?Ming
54%
What was the first historically confirmed Chinese dynasty?Shang
50%
Which of the following is not one of the 8 ancient capitals of ChinaXiamen
50%
How short was the shortest-lived dynasty?14 years
46%
Which of the following empires were not part of the Three Kingdoms?Later Zhou
46%
Who was the author of the Records of the Grand Historian, or more well known as Shiji in Mandarin?Sima Qian
46%
What was Emperor Hung-Wu's name?Zhu Yuanzhang
46%
What was the longest-lived dynasty?Zhou
42%
Who was the 6th emperor of the Qing dynasty? (Doesn't include Later Jin)Jiaqing
38%
What was the largest Han Chinese dynasty?Han
25%

Score Distribution

Percentile by Number Answered

Percent of People with Each Score

Your Score History

You have not taken this quiz since the last reset